|
|
|
|
| LEADER |
00000nam a2200000Ia 4500 |
| 008 |
180716b2003 cr ||||| |||| 00| | spa d |
| 999 |
|
|
|c 2031
|d 2031
|
| 090 |
|
|
|a 08.03.01
|b 652
|
| 100 |
1 |
|
|a Mora Vargas, Ana Isabel
|9 129
|
| 245 |
1 |
0 |
|a Compilación de material didáctico: talleres de autoformación de docentes en servicio /
|
| 260 |
|
|
|a Cartago, Costa Rica :
|b IIMEC,
|c 2003
|
| 300 |
|
|
|a v.
|
| 500 |
|
|
|a Contiene Manual para Docentes
|
| 650 |
1 |
4 |
|a EDUCACIÓN
|9 1
|
| 650 |
1 |
4 |
|a TALLERES
|9 783
|
| 650 |
1 |
4 |
|a DIDÁCTICA
|9 997
|
| 650 |
1 |
4 |
|a DOCENCIA
|9 1841
|
| 942 |
|
|
|i 001035 ,001038
|h 08.03.01 652
|2 z
|c 04
|